Historias de hormiguero /

Guardado en:
Autor Principal: Ramos, María Cristina
Otros Autores: Bilotti, Viviana
Formato: Libro
Publicado: Buenos Aires : Norma, 2013
Series:Siete vacas. Lector Principiante
Materias:
Etiquetas: Agregar Etiqueta
Sin Etiquetas, Sea el primero en etiquetar este registro!
LEADER 00909nam a22002775a 4500
001 CEM.cems015397
005 20191203155441.0
008 130507s2013##################000#0#####d
003 CEMS
020 |a 9789875456167 
082 0 4 |a A861.4 
100 1 |a Ramos, María Cristina 
245 1 0 |a Historias de hormiguero /  |c María Cristina Ramos ; ilustrado Por Viviana Bilotti 
260 |a Buenos Aires :  |b Norma,  |c 2013 
300 |a 56 p. 
490 0 |a Siete vacas. Lector Principiante 
653 |a Literatura 
653 |a Literatura argentina 
653 |a Literatura infantil 
653 |a Cuentos infantiles 
653 |a Poesía 
653 |a Poesía infantil 
653 |a Colección ciencias de la educación 
700 1 |a Bilotti, Viviana 
859 |a CEMS  |b BIB. CEMS - Ccias. Educacion  |h A861.4  |i R147-7  |k CE  |p 28780.19  |t Ej.1 
859 |a CEMS  |b BIB. CEMS - Ccias. Educacion  |h A861.4  |i R147-7  |k CE  |p 28802.19  |t Ej.2